Proces vykonávania auditov kvality je nemenný, mení sa obsah a oblasť auditovania

Pojednanie o nových oblastiach a prístupoch pri vykonávaní interných auditoch kvality (ale platí to i pre externé audity) a potrebe preškolenia interných audítorov na nové požiadavky normy ISO 9001:2015.

Salvato in:
Dettagli Bibliografici
Autore principale: Paulová, Iveta
Natura: Capitolo di libro
Lingua:slovacco
Soggetti:
Tags: Aggiungi Tag
Nessun Tag, puoi essere il primo ad aggiungerne!!

MARC

LEADER 00000naa a2200000 4500
001 0240063
005 20180514103304.6
041 0 |a slo 
044 |a SK 
245 1 0 |a Proces vykonávania auditov kvality je nemenný, mení sa obsah a oblasť auditovania  |c Iveta Paulová 
520 |a Pojednanie o nových oblastiach a prístupoch pri vykonávaní interných auditoch kvality (ale platí to i pre externé audity) a potrebe preškolenia interných audítorov na nové požiadavky normy ISO 9001:2015. 
610 2 0 |a audítorstvo 
610 2 0 |a audítori 
610 2 0 |a normy ISO 
610 2 0 |a audit interný 
610 2 0 |a audit externý 
100 1 |a Paulová, Iveta